Quick Pick: Honda Models Quiz Stats

 Plays Quiz Updated May 3, 2020

     
Support Sporcle.
Go Orange.
Score 0/10 Timer 01:00
0 Plays Today
% Correct
Civic
97.5%
Accord
96.3%
CR-V
90.2%
Odyssey
82.7%
Prelude
80.5%
Element
77.3%
Fit
73.1%
Passport
71.5%
Insight
67.7%
Ridgeline
62.2%

Today's Daily Dose

From the Vault

Song Title Blitz

by MSUKent

Music 30s
If you speed these songs up, everyone just sounds like Alvin and the Chipmunks.
Remove Ads.
Support Sporcle.
Get the best of Sporcle when you Go Orange. This ad-free experience offers more features, more stats, and more fun while also helping to support Sporcle. Thank you for becoming a member.

Show Comments

Extras

Top Quizzes Today


Score Distribution

Your Account Isn't Verified!

In order to create a playlist on Sporcle, you need to verify the email address you used during registration. Go to your Sporcle Settings to finish the process.

Report this User

Report this user for behavior that violates our Community Guidelines.

Details: